| 000 | 00438nam a2200157 a 4500 | ||
|---|---|---|---|
| 001 | 000024091 | ||
| 005 | 20200930022718.0 | ||
| 008 | 110118s1967 fr r 000 0 fre d | ||
| 040 |
_aDO-SdBNP _bspa _cBNPHU |
||
| 082 |
_axxxxx _bM454d |
||
| 100 | 1 |
_aMauriac, François, _d1885-1970 _913636 |
|
| 245 | 1 | 0 |
_aDestins : _broman / _cFrançois Mauriac. |
| 260 |
_aParís : _bBernard Grasset, _c1967. |
||
| 300 |
_a166 p. ; _c21 cm. |
||
| 049 | _aBNGR | ||
| 999 |
_c23586 _d23586 |
||